Statistics for Countries coded into the Caesar cipher

Click here to take the quiz!

General Stats

  • This quiz has been taken 17 times
  • The average score is 11 of 15

Answer Stats

Coded countryCountry% Correct
LqgldIndia
92%
LwdobItaly
92%
FkdgChad
83%
WdlzdqTaiwan
83%
DujhqwlqdArgentina
75%
FdqdgdCanada
75%
DojhuldAlgeria
67%
OlhfkwhqvwhlqLiechtenstein
67%
PrqdfrMonaco
67%
QdpleldNamibia
67%
FbsuxvCyprus
58%
HwklrsldEthiopia
58%
PdoglyhvMaldives
58%
PrqjroldMongolia
58%
WxqlvldTunisia
58%

Score Distribution

Percentile by Number Answered

Percent of People with Each Score

Your Score History

You have not taken this quiz